LIBRARY & INFORMATION CENTRE, KCAET, TAVANUR

ONLINE PUBLIC ACCESS CATALOGUE (OPAC)

Design fabrication and testing of a low cost greenhouse (Record no. 15279)

MARC details
000 -LEADER
fixed length control field 00562nam a22001697a 4500
003 - CONTROL NUMBER IDENTIFIER
control field OSt
088 ## - REPORT NUMBER
Report number T 44
100 ## - MAIN ENTRY--AUTHOR NAME
Personal name AJAYAMBIKA DEVI S. J
245 ## - TITLE STATEMENT
Title Design fabrication and testing of a low cost greenhouse
260 ## - PUBLICATION, DISTRIBUTION, ETC. (IMPRINT)
Place of publication Tavanur 1995
Name of publisher Kelappaji College of Agriucltural Engineering and Technology
300 ## - PHYSICAL DESCRIPTION
Number of Pages 172
500 ## - GENERAL NOTE
General note Design fabrication and testing of a low cost greenhouse
520 ## - SUMMARY, ETC.
Summary, etc Design fabrication and testing of a low cost greenhouse
700 ## - ADDED ENTRY--PERSONAL NAME
Personal name Dr. A. N. Remadevi (Guide)
942 ## - ADDED ENTRY ELEMENTS (KOHA)
Koha item type Theses
Holdings
Collection code Home library Current library Shelving location Full call number Accession Number Koha item type Public note
Reference KAUAET KAUAET Reference 631.587 AJA/DE T 44 Theses M.Tech Thesis
free website counter